Workshop technology, part 2 (Record no. 576803)

000 -LEADER
fixed length control field 00332nam a22001457a 4500
020 ## - INTERNATIONAL STANDARD BOOK NUMBER
International Standard Book Number 9788123904115
082 ## - DEWEY DECIMAL CLASSIFICATION NUMBER
Classification number 670.42 CHA
100 ## - MAIN ENTRY--PERSONAL NAME
Personal name Chapman, W.A.J.
9 (RLIN) 10212
245 ## - TITLE STATEMENT
Title Workshop technology, part 2
250 ## - EDITION STATEMENT
Edition statement 4th
260 ## - PUBLICATION, DISTRIBUTION, ETC.
Place of publication, distribution, etc. India
Name of publisher, distributor, etc. CBS
Date of publication, distribution, etc. 1995
300 ## - PHYSICAL DESCRIPTION
Extent 395
650 ## - SUBJECT ADDED ENTRY--TOPICAL TERM
Topical term or geographic name entry element Workshop Technology
9 (RLIN) 62971
942 ## - ADDED ENTRY ELEMENTS (KOHA)
Koha item type Book
Holdings
Withdrawn status Lost status Damaged status Not for loan Collection code Permanent Location Current Location Shelving location Date acquired Total Checkouts Total Renewals Full call number Barcode Date last seen Date last checked out Price effective from Koha item type
          College of Electrical & Mechanical Engineering (CEME) College of Electrical & Mechanical Engineering (CEME) General Stacks 09/25/2019 1 1 670.42 CHA CEME-50021 01/27/2026 12/22/2022 06/28/2021 Book
          College of Electrical & Mechanical Engineering (CEME) College of Electrical & Mechanical Engineering (CEME) General Stacks 09/25/2019     670.42 CHA CEME-50022 06/28/2021   06/28/2021 Book
          College of Electrical & Mechanical Engineering (CEME) College of Electrical & Mechanical Engineering (CEME) General Stacks 09/25/2019     670.42 CHA CEME-50023 06/28/2021   06/28/2021 Book
          College of Electrical & Mechanical Engineering (CEME) College of Electrical & Mechanical Engineering (CEME) General Stacks 09/25/2019     670.42 CHA CEME-50024 06/28/2021   06/28/2021 Book
          College of Electrical & Mechanical Engineering (CEME) College of Electrical & Mechanical Engineering (CEME) General Stacks 10/01/2019     670.42 CHA CEME-50020 06/28/2021   06/28/2021 Book
© 2023 Central Library, National University of Sciences and Technology. All Rights Reserved.